|
|
|
|
| LEADER |
00000nab a2200000 a 4500 |
| 001 |
vtls001504447 |
| 003 |
SK-MaSNL |
| 005 |
20260303075953.0 |
| 008 |
050227s1998 xo 000 0 ger |
| 035 |
|
|
|a SPKCL6774
|
| 040 |
|
|
|a SPKCL
|b slo
|c SNKBUCL
|d ÚIP-SPK(LO)
|e AACR2
|
| 041 |
|
|
|a ger
|
| 044 |
|
|
|a xo
|c SK
|
| 080 |
|
|
|a 371.311.1:371.214
|2 1981
|
| 100 |
1 |
|
|a Jechle, Thomas
|4 aut
|9 1081184
|
| 245 |
1 |
0 |
|a Zum Nutzung von Lernhilfen in Lehrtexten
|c Thomas Jechle
|
| 520 |
|
|
|a Učenie a vyučovanie z textu. Pomoc v učení prostredníctvom textu. Samostatné štúdium prostredníctvom textu. Metódy výskumu. Diskusia.
|
| 773 |
1 |
|
|t Unterrichtswissenschaft
|g Roč. 26, č. 1 (1998) s. 15-31
|
| 850 |
|
|
|a Slovenská pedagogická knižnica Bratislava
|
| 852 |
|
|
|a SPKCL
|b KIS3GCP
|b 000710000
|n SK
|
| 999 |
|
|
|c 1778310
|d 1780240
|